[Event "CRI-ch"]
[Site "San Jose"]
[Date "2002.??.??"]
[Round "7"]
[White "Hernandez Basante, Francisco"]
[Black "Arias, Mauricio"]
[Result "1/2-1/2"]
[WhiteElo "2282"]
[BlackElo "2267"]
[PlyCount "41"]
[EventDate "2002.06.??"]
[EventType "swiss"]
[EventRounds "11"]
[EventCountry "CRI"]
[SourceTitle "EXT 2007"]
[Source "ChessBase"]
[SourceDate "2006.11.23"]
[SourceVersion "1"]
[SourceVersionDate "2006.11.23"]
[SourceQuality "1"]

1. d4 d5 2. Bg5 Nf6 3. e3 c6 4. Bd3 e6 5. f4 Qb6 6. b3 Nbd7 7. Nf3 a5 8. 0-0 a4 9. Nbd2 g6 10. c4 c5 11. bxa4 Bg7 12. cxd5 exd5 13. dxc5 Qxc5 14. Nd4 0-0 15. Bb5 h6 16. Bh4 Qe7 17. Re1 Nc5 18. Rc1 Qd6 19. Qc2 b6 20. N2b3 Nfe4 21. Nc6 1/2-1/2